Statystyki dla Państwa nad Atlantykiem

Kliknij tutaj aby rozwiązać quiz!

Ogólne statystyki

  • Ten quiz został rozwiązany 10 razy
    (7 od ostatniego zresetowania)
  • Średni wynik to 85 z 93

Statystyki odpowiedzi

KontynentPaństwo% Poprawnych
EuropaAlbania
100%
AfrykaAlgieria
100%
Ameryka płd.Argentyna
100%
Ameryka płn.Bahamy
100%
EuropaBelgia
100%
EuropaBośnia i Hercegowina
100%
Ameryka płd.Brazylia
100%
EuropaBułgaria
100%
EuropaChorwacja
100%
EuropaDania
100%
AfrykaEgipt
100%
EuropaEstonia
100%
EuropaFinlandia
100%
EuropaFrancja
100%
EuropaGrecja
100%
Ameryka płd.Gujana
100%
EuropaHolandia
100%
EuropaIrlandia
100%
EuropaIslandia
100%
AzjaIzrael
100%
AfrykaKamerun
100%
Ameryka płn.Kanada
100%
Ameryka płd.Kolumbia
100%
AzjaLiban
100%
AfrykaLiberia
100%
EuropaLitwa
100%
EuropaŁotwa
100%
EuropaMalta
100%
AfrykaMaroko
100%
EuropaMonako
100%
AfrykaNamibia
100%
EuropaNiemcy
100%
EuropaNorwegia
100%
EuropaPolska
100%
EuropaPortugalia
100%
AfrykaRepublika Południowej Afryki
100%
AfrykaRepublika Zielonego Przylądka
100%
EuropaRosja
100%
Ameryka płn.Stany Zjednoczone
100%
Ameryka płd.Surinam
100%
AzjaSyria
100%
EuropaSzwecja
100%
Amerykia płn.Trynidad i Tobago
100%
AzjaTurcja
100%
Ameryka płd.Urugwaj
100%
Ameryka płd.Wenezuela
100%
EuropaWłochy
100%
AfrykaWybrzeże Kości Słoniowej
100%
AfrykaWyspy Świętego Tomasza i Książęca
100%
AfrykaAngola
86%
Ameryka płn.Barbados
86%
Ameryka płn.Belize
86%
AfrykaBenin
86%
Ameryka płd.Chile
86%
AzjaCypr
86%
EuropaCzarnogóra
86%
AfrykaDemokratyczna Republika Konga
86%
Ameryka płn.Dominika
86%
Ameryka płn.Dominikana
86%
AfrykaGabon
86%
AfrykaGambia
86%
AzjaGruzja
86%
Ameryka płn.Gwatemala
86%
AfrykaGwinea
86%
AfrykaGwinea Bissau
86%
AfrykaGwinea Równikowa
86%
Ameryka płn.Haiti
86%
EuropaHiszpania
86%
AfrykaKongo
86%
Ameryka płn.Kuba
86%
AfrykaLibia
86%
AfrykaMauretania
86%
Ameryka płn.Meksyk
86%
AfrykaNigeria
86%
Ameryka płn.Panama
86%
EuropaRumunia
86%
Ameryka płn.Saint Vincent i Grenadyny
86%
AfrykaSenegal
86%
AfrykaSierra Leone
86%
EuropaSłowenia
86%
AfrykaTogo
86%
AfrykaTunezja
86%
EuropaUkraina
86%
EuropaWielka Brytania
86%
Ameryka płn.Antigua i Barbuda
71%
AfrykaGhana
71%
Ameryka płn.Grenada
71%
Ameryka płn.Honduras
71%
Ameryka płn.Jamajka
71%
Ameryka płn.Kostaryka
71%
Ameryka płn.Saint Kitts i Nevis
71%
Ameryka płn.Saint Lucia
71%
Ameryka płn.Nikaragua
57%

Rozkład punktacji

Percentyl według liczby udzielonych odpowiedzi

Procent ludzi z każdym wynikiem

Twoja historia wyników

Nie rozwiązałeś tego quizu od ostatniego zresetowania